Preparation for the Gospel; vol. 1. (Record no. 714)

000 -LEADER
fixed length control field 00592nam a2200193 a 4500
001 - CONTROL NUMBER
control field :::00013870$&:&@@
003 - CONTROL NUMBER IDENTIFIER
control field OkBaRHE
005 - DATE AND TIME OF LATEST TRANSACTION
control field 20100324142042.0
008 - FIXED-LENGTH DATA ELEMENTS--GENERAL INFORMATION
fixed length control field s1981 j 000 0 eng u
040 ## - CATALOGING SOURCE
Transcribing agency
100 1# - MAIN ENTRY--PERSONAL NAME
Personal name Gifford, Edwin Hamilton,
245 10 - TITLE STATEMENT
Title Preparation for the Gospel; vol. 1.
260 ## - PUBLICATION, DISTRIBUTION, ETC. (IMPRINT)
Place of publication, distribution, etc Grand Rapids, MI., :
Name of publisher, distributor, etc Baker Book House
Date of publication, distribution, etc 1981
300 ## - PHYSICAL DESCRIPTION
Extent v. (1-2) ;
Dimensions 23 cm.
650 ## - SUBJECT ADDED ENTRY--TOPICAL TERM
Topical term or geographic name as entry element Theology
General subdivision Doctrinal
700 ## - ADDED ENTRY--PERSONAL NAME
Personal name Eusebius.
942 ## - ADDED ENTRY ELEMENTS (KOHA)
Source of classification or shelving scheme
Koha item type Books
Copies
Lost status Barcode Date acquired Withdrawn status Source of classification or shelving scheme Collection code Copy number Full call number Price effective from Shelving location Date last seen Permanent Location Koha item type Damaged status Not for loan
 138702010-04-14  Reference1BT 1116 .E9 V.12010-04-14General Stacks2010-04-14RHEMA Bible Training CollegeBooks